Whole genome amplification (Record no. 393755)

MARC details
000 -LEADER
fixed length control field 00625 a2200241 4500
005 - DATE & TIME
control field 20260129111735.0
008 - FIXED-LENGTH DATA ELEMENTS--GENERAL INFORMATION
fixed length control field 260128b |||||||| |||| 00| 0 eng d
020 ## - ISBN
International Standard Book Number 9781904842071
Price £ 30.00
040 ## - CATALOGING SOURCE
Original cataloging agency VIVEKANANDA LIBRARY
082 ## - DDC NUMBER
Classification number 572.86
Book Number H874W
100 ## - MAIN ENTRY--PERSONAL NAME
Personal name Hughes S, ed,
245 ## - TITLE STATEMENT
Title Whole genome amplification
260 ## - PUBLICATION, DISTRIBUTION, ETC. (IMPRINT)
Name of publisher, distributor, etc Scion Publishing
Date of publication, distribution, etc 2005
Place of publication, distribution, etc Oxfordshire
300 ## - PHYSICAL DESCRIPTION
Pages xiv, 193
440 ## - Series Statement
Series Title The methods express series
650 ## - Subject
Subject Biochemistry
650 ## - Subject
Subject Molecular Biology
650 ## - Subject
Subject Genome
650 ## - Subject
Subject DNA Linear
700 ## - Added Entry Personal Name
Added Entry Personal Name Lasken, R, ed.
700 ## - Added Entry Personal Name
Added Entry Personal Name Hames, B David, S, ed.
942 ## - ADDED ENTRY ELEMENTS (KOHA)
Koha item type Books
Holdings
Withdrawn status Lost status Source of classification or shelving scheme Damaged status Not for loan Location (home branch) Sublocation or collection (holding branch) Shelving location Date acquired Koha issues (times borrowed) Koha full call number Accession No. Koha date last seen Koha item type
    Dewey Decimal Classification     VIVEKANANDA LIBRARY VIVEKANANDA LIBRARY Vivekananda Library 03/12/2025   572.86 H874W 443495 03/12/2025 Books
© Designed and Maintained by Vivekananda Library, MDU Rohtak